书目信息 |
| 题名: |
色彩构成及应用
|
|
| 作者: | 冯四东, , 吴天麟 , 朱辉球, 主编 | |
| 分册: | ||
| 出版信息: | 北京 北京工艺美术出版社 2007.08 |
|
| 页数: | 92页 | |
| 开本: | 29cm | |
| 丛书名: | ||
| 单 册: | ||
| 中图分类: | J063 | |
| 科图分类: | ||
| 主题词: | 色彩--构成 , 色彩 | |
| 电子资源: | ||
| ISBN: | 978-7-80526-649-7 | |
| 000 | 00863nam0 2200265 450 | |
| 001 | 003699771 | |
| 005 | 20210617094808.31 | |
| 010 | @a978-7-80526-649-7@dCNY32.00 | |
| 100 | @a20120301d2007 em y0chiy50 ea | |
| 101 | 0 | @achi |
| 102 | @aCN@b110000 | |
| 105 | @aa z 000yy | |
| 200 | 1 | @a色彩构成及应用@Ase cai gou cheng ji ying yong@f冯四东,朱辉球,吴天麟主编 |
| 210 | @a北京@c北京工艺美术出版社@d2007.08 | |
| 215 | @a92页@c彩图@d29cm | |
| 300 | @a现代设计基础 | |
| 330 | @a本书由浅入深地阐述了讲述了构成中的构成元素理论,着重介绍了色彩的基本概念、色彩的构成原理、色彩的心理、在设计中的应用。 | |
| 606 | 0 | @a色彩@x构成 |
| 606 | 0 | @a色彩 |
| 690 | @aJ063@v5 | |
| 701 | 0 | @a冯四东,@Afeng si dong@f1962-@4主编 |
| 701 | 0 | @a吴天麟@Awu tian lin@4主编 |
| 701 | 0 | @a朱辉球,@Azhu hui qiu@f1970-@4主编 |
| 801 | 0 | @aCN@c20120301 |
| 905 | @dJ063@eF510@f5 | |
| 色彩构成及应用/冯四东,朱辉球,吴天麟主编.-北京:北京工艺美术出版社,2007.08 |
| 92页:彩图;29cm |
| 现代设计基础 |
| ISBN 978-7-80526-649-7:CNY32.00 |
| 本书由浅入深地阐述了讲述了构成中的构成元素理论,着重介绍了色彩的基本概念、色彩的构成原理、色彩的心理、在设计中的应用。 |
| ● |
| 相关链接 |
|
|
|
正题名:色彩构成及应用
索取号:J063/F510
 
预约/预借
| 序号 | 登录号 | 条形码 | 馆藏地/架位号 | 状态 | 备注 |
| 1 | 1200414 | 212004141 | 社科库309/309社科库 64排2列3层/ [索取号:J063/F510] | 在馆 | |
| 2 | 1200415 | 212004150 | 社科库309/ [索取号:J063/F510] | 在馆 | |
| 3 | 1200416 | 212004169 | 社科库309/309社科库 64排2列3层/ [索取号:J063/F510] | 在馆 | |
| 4 | 1200417 | 212004178 | 自科二线404/309社科库 64排2列3层/ [索取号:J063/F510] | 在馆 | |
| 5 | 1200418 | 212004187 | 自科二线404/309社科库 64排2列3层/ [索取号:J063/F510] | 在馆 | |
| 6 | 1282436 | 212824363 | 社科库309/309社科库 64排2列3层/ [索取号:J063/F510] | 在馆 | |
| 7 | 1506757 | 215067576 | 社科库309/309社科库 64排2列3层/ [索取号:J063/F510] | 在馆 | |
| 8 | 473229 | 204732290 | 社科二线400B/400B社科库 3排4列1层/ [索取号:J063/F510] | 在馆 | |
| 9 | 491415 | 204914156 | 社科库309/504自科库 20排2列3层/ [索取号:J063/F510] | 在馆 |